LEADER 01262nam0-2200361---450- 001 990009461290403321 005 20121128094354.0 010 $a978-88-222-5947-9 035 $a000946129 035 $aFED01000946129 035 $a(Aleph)000946129FED01 035 $a000946129 100 $a20111024d2011----km-y0itay50------ba 101 0 $aita 102 $aIT 105 $a--------001yy 200 1 $aGlossario leonardiano$enomenclatura delle macchine nei codici di Madrid e Atlantico$fa cura di Paolo Manni e Marco Biffi$gconsulenza tecnica Davide Russo$gcollaborazione di Francesco Feola, Barbara McGillivray, Claudio Pelucani, Paola Picecchi, Chiara Santini 210 $aFirenze$cLeo S. Olschki$d2011 215 $aXLIV, 336 p.$d24 cm 225 1 $aBiblioteca leonardiana$iStudi e documenti$v1 676 $a509.2 700 1$aManni,$bPaola$0174934 701 1$aBiffi,$bMarco$0281960 702 1$aRusso,$bDavide$f<1973- > 702 1$aFeola,$bFrancesco$f<1972- > 801 0$aIT$bUNINA$gRICA$2UNIMARC 901 $aBK 912 $a990009461290403321 952 $a453.1 LEO 1$bDip.Fil.Mod.18327$fFLFBC 952 $a453.1 LEO 1 BIS$bDip.Fil.Mod.18654$fFLFBC 959 $aFLFBC 996 $aGlossario leonardiano$9853197 997 $aUNINA LEADER 01722oam 2200481 450 001 9910715359103321 005 20210617135231.0 035 $a(CKB)5470000002510443 035 $a(OCoLC)1238127564 035 $a(EXLCZ)995470000002510443 100 $a20210223d1990 ua 0 101 0 $aeng 135 $aur||||||||||| 181 $ctxt$2rdacontent 182 $cc$2rdamedia 183 $acr$2rdacarrier 200 00$aApparent falsification of State of Connecticut weight certificates 210 1$aWashington, D.C. :$cUnited States Nuclear Regulatory Commission, Office of Nuclear Reactor Regulation,$d1990. 215 $a1 online resource 225 1 $aInformation notice ;$vno. 90-36 300 $a"May 24, 1990." 606 $aNuclear power plants$xEquipment and supplies$xStandards$zConnecticut 606 $aScales (Weighing instruments)$xCalibration 606 $aFalse certification$zConnecticut 606 $aFalse certification$2fast 606 $aNuclear power plants$xEquipment and supplies$xStandards$2fast 607 $aConnecticut$2fast 615 0$aNuclear power plants$xEquipment and supplies$xStandards 615 0$aScales (Weighing instruments)$xCalibration. 615 0$aFalse certification 615 7$aFalse certification. 615 7$aNuclear power plants$xEquipment and supplies$xStandards. 712 02$aU.S. Nuclear Regulatory Commission.$bOffice of Nuclear Reactor Regulation, 801 0$bGPO 801 1$bGPO 801 2$bOCLCO 801 2$bGPO 801 2$bOCLCF 801 2$bGPO 906 $aBOOK 912 $a9910715359103321 996 $aApparent falsification of State of Connecticut weight certificates$93341732 997 $aUNINA